The Southern Sudan : (Record no. 5143)
[ view plain ]
| 000 -LEADER | |
|---|---|
| fixed length control field | 00928cam a2200253 a 4500 |
| 001 - CONTROL NUMBER | |
| control field | 15626149 |
| 005 - DATE AND TIME OF LATEST TRANSACTION | |
| control field | 20170529092434.0 |
| 008 - FIXED-LENGTH DATA ELEMENTS--GENERAL INFORMATION | |
| fixed length control field | 090217s2009 ke a 000 0 eng |
| 010 ## - LIBRARY OF CONGRESS CONTROL NUMBER | |
| LC control number | 2009349123 |
| 020 ## - INTERNATIONAL STANDARD BOOK NUMBER | |
| International Standard Book Number | 9789966256010 |
| 040 ## - CATALOGING SOURCE | |
| Original cataloging agency | DLC |
| Transcribing agency | DLC |
| Modifying agency | DLC |
| 042 ## - AUTHENTICATION CODE | |
| Authentication code | lcode |
| 043 ## - GEOGRAPHIC AREA CODE | |
| Geographic area code | f-sj--- |
| 050 00 - LIBRARY OF CONGRESS CALL NUMBER | |
| Classification number | DT159.6.S73 |
| Item number | M35 2009 |
| 100 1# - MAIN ENTRY--PERSONAL NAME | |
| Personal name | Malok, Elijah, |
| Dates associated with a name | 1937- |
| 9 (RLIN) | 31156 |
| 245 14 - TITLE STATEMENT | |
| Title | The Southern Sudan : |
| Remainder of title | struggle for liberty / |
| Statement of responsibility, etc | Elijah Malok. |
| 260 ## - PUBLICATION, DISTRIBUTION, ETC. (IMPRINT) | |
| Place of publication, distribution, etc | Nairobi : |
| Name of publisher, distributor, etc | Kenway Publications, |
| Date of publication, distribution, etc | 2009. |
| 300 ## - PHYSICAL DESCRIPTION | |
| Extent | 340 p. : |
| Other physical details | ill. ; |
| Dimensions | 21 cm. |
| 651 #0 - SUBJECT ADDED ENTRY--GEOGRAPHIC NAME | |
| Geographic name | South Sudan |
| General subdivision | History. |
| 9 (RLIN) | 31157 |
| 651 #0 - SUBJECT ADDED ENTRY--GEOGRAPHIC NAME | |
| Geographic name | South Sudan |
| General subdivision | Politics and government. |
| 9 (RLIN) | 31158 |
| 906 ## - LOCAL DATA ELEMENT F, LDF (RLIN) | |
| a | 7 |
| b | cbc |
| c | origode |
| d | 3 |
| e | ncip |
| f | 20 |
| g | y-gencatlg |
| 942 ## - ADDED ENTRY ELEMENTS (KOHA) | |
| Source of classification or shelving scheme | Library of Congress Classification |
| Item type | Monograph ( Printed materials) |
| Withdrawn status | Lost status | Source of classification or shelving scheme | Damaged status | Not for loan | Collection code | Home library | Current library | Shelving location | Date acquired | Total Checkouts | Full call number | Barcode | Date last seen | Date last borrowed | Copy number | Price effective from | Koha item type |
|---|---|---|---|---|---|---|---|---|---|---|---|---|---|---|---|---|---|
| Library of Congress Classification | Main Collection | ARRUPE LIBRARY | ARRUPE LIBRARY | 27/02/2013 | 2 | DT159.6.S73M35 2009 | 46406561 | 11/05/2022 | 14/12/2021 | 1 | 27/02/2013 | Monograph ( Printed materials) |